<?xml version="1.0" encoding="UTF-8"?>
<record
    xmlns:xsi="http://www.w3.org/2001/XMLSchema-instance"
    xsi:schemaLocation="http://www.loc.gov/MARC21/slim http://www.loc.gov/standards/marcxml/schema/MARC21slim.xsd"
    xmlns="http://www.loc.gov/MARC21/slim">

  <leader>01280nam a2200145Ia 4500</leader>
  <datafield tag="999" ind1=" " ind2=" ">
    <subfield code="c">9441</subfield>
    <subfield code="d">9441</subfield>
  </datafield>
  <datafield tag="020" ind1=" " ind2=" ">
    <subfield code="a">9789383848041</subfield>
  </datafield>
  <datafield tag="082" ind1=" " ind2=" ">
    <subfield code="a">332.024388092</subfield>
    <subfield code="b">NAN-U</subfield>
  </datafield>
  <datafield tag="100" ind1=" " ind2=" ">
    <subfield code="a">Nandhi, Mani Arul</subfield>
  </datafield>
  <datafield tag="245" ind1=" " ind2="0">
    <subfield code="a">Urban Poor and Their Money</subfield>
    <subfield code="b">: a study of cycle rickshaw pullers in Delhi</subfield>
  </datafield>
  <datafield tag="260" ind1=" " ind2=" ">
    <subfield code="a">New Delhi</subfield>
    <subfield code="b">Pinnacle Learning</subfield>
    <subfield code="c">2014</subfield>
  </datafield>
  <datafield tag="300" ind1=" " ind2=" ">
    <subfield code="a">184p</subfield>
    <subfield code="b">Include Appendix and Bibliography </subfield>
  </datafield>
  <datafield tag="520" ind1=" " ind2=" ">
    <subfield code="a">Cycle rickshaws form an important mode of informal transport offering valuable service in metro cities and towns. Cycle rickshaws are considered eco- friendly, user-friendly and cost-efficient, convenient form of transport for short-distance travel. This study is based on an empirical work of cycle rickshaw pullers who form a huge proportion of urban migrants in Delhi. It intends to know about the financial behaviour of cycle rickshaw pullers for a better understanding of their needs and requirements, their choices and challenges and the constraints faced by them in managing their money and livelihoods. The book discusses the earnings, costs and expenses, saving and borrowing behaviour, strategies used in coping with crisis and emergencies and the remittance behaviour of rickshaw pullers. </subfield>
  </datafield>
  <datafield tag="650" ind1=" " ind2=" ">
    <subfield code="a">Financial Economics</subfield>
    <subfield code="v">Rickshaw men	</subfield>
    <subfield code="v">Saving and investment</subfield>
    <subfield code="z">Delhi</subfield>
    <subfield code="z">India</subfield>
  </datafield>
  <datafield tag="942" ind1=" " ind2=" ">
    <subfield code="c">BK</subfield>
    <subfield code="2">ddc</subfield>
  </datafield>
  <datafield tag="952" ind1=" " ind2=" ">
    <subfield code="0">0</subfield>
    <subfield code="1">0</subfield>
    <subfield code="4">0</subfield>
    <subfield code="7">0</subfield>
    <subfield code="a">NASSDOC</subfield>
    <subfield code="b">NASSDOC</subfield>
    <subfield code="d">2018-12-10</subfield>
    <subfield code="e">Gifted by : the author</subfield>
    <subfield code="i">2018-10-15</subfield>
    <subfield code="l">0</subfield>
    <subfield code="o">332.024388092 NAN-U</subfield>
    <subfield code="p">50080</subfield>
    <subfield code="r">2019-04-18 00:00:00</subfield>
    <subfield code="w">2019-04-18</subfield>
    <subfield code="y">BK</subfield>
  </datafield>
</record>
